| 000 | 00459nam a2200157Ia 4500 | ||
|---|---|---|---|
| 008 | 210716s2007 xx 000 0 und d | ||
| 020 | _a9780143063759 | ||
| 041 | _aeng | ||
| 082 | _a374.22 CHIP | ||
| 100 | _aChidambaram, P. | ||
| 245 |
_aView from the outside: why good economics works for everyone. _bWhy good economics works for everyone. |
||
| 250 | _a1 | ||
| 260 |
_aHaryana _bPenguin Books _c2007 |
||
| 300 | _axv,372 | ||
| 650 | _aGeneral Management | ||
| 999 |
_c210452 _d210452 |
||